02551nam a2200433 i 4500001001200000003000800012006001900020007001500039008004100054020001800095020002700113040003500140035002100175050002400196082001500220111008300235245036800318264006800686264001200754300008400766336002100850337002300871338003200894588010300926590014701029650003601176650004201212650004101254655002201295700002401317700002801341710004801369710009201417710006601509776038901575797001201964856012601976999001502102ebr10954929CaPaEBRm o d cr cn|||||||||141027t20082008vauabo o 000 0 eng d z9780784410097 a9780784472620 (e-book) aCaPaEBRbengerdaepncCaPaEBR a(OCoLC)31862081414aTD657b.I584 2008eb04a628.212232 aInternational Low Impact Development Conferenced(2008 :cSeattle, Washington)10aLow impact development for urban ecosystem and habitat protection :bproceedings of the 2008 International Low Impact Development Conference, November 16-19, 2008, Seattle, Washington /csponsored by Low Impact Development Technical, Urban Water Resources Research Council, Environmental and Water Resources Institute ; edited by edited by Nian She, Michael Clar. 1aReston, Virginia :bAmerican Society of Civil Engineers,c2008. 4c�2008 a1 online resource (1143 pages) :billustrations (some color), maps, photographs atext2rdacontent acomputer2rdamedia aonline resource2rdacarrier aDescription based on online resource; title from PDF title page (ebrary, viewed October 23, 2014). aElectronic reproduction. Palo Alto, Calif. : ebrary, 2014. Available via World Wide Web. Access may be limited to ebrary affiliated libraries. 0aRunoffxManagementvCongresses. 0aUrban runoffxManagementvCongresses. 0aSustainable developmentvCongresses. 0aElectronic books.1 aShe, Nian,eeditor.1 aClar, Michael,eeditor.2 aLow Impact Development Technical,esponsor.2 aAmerican Society of Civil Engineers.bUrban Water Resources Research Council,esponsor.2 aEnvironmental and Water Resources Institute (U.S.),esponsor.08iPrint version:aInternational Low Impact Development Conference (2008 : Seattle, Washington)tLow impact development for urban ecosystem and habitat protection : proceedings of the 2008 International Low Impact Development Conference, November 16-19, 2008, Seattle, Washington.dReston, Virginia : American Society of Civil Engineers, c2008 happroximately, 1143 pages z97807844100972 aebrary.40uhttp://site.ebrary.com/lib/rucke/Doc?id=10954929zAn electronic book accessible through the World Wide Web; click to view c3636d3636